Datum a čas kvízu
20.5
Celkem bodů
Celkový počet nahraných bodů na tomto kvízu bez doplňovacích otázek.
6.
Pořadí na kvízu
Konečné umístění týmu na tomto kvízu.
Zaznamenané odpovědi
| # | Otázka | Odpověď | Body | Výsledky |
|---|---|---|---|---|
| 1. | Ve které obci se v sobotu kona... | v Průhonicích | 0 | |
| 2. | Internet minulý týden obletělo... | kocour (kočka) | 1 | |
| 3. | V pátek začal v Uherském Hradi... | Letní filmová škola | 0 | |
| 4. | Česká armáda v pátek převzala... | Toyota | 0 | |
| 5. | Basketbalista Tomáš Satoranský... | v New Orleans | 0 | |
| 6. | Rozhodli jsme se prověřit vaše... | nebozez / nebozízek | 0 | |
| 7. | Jak byste slovem na P nazvali... | perlátor | 0 | |
| 8. | Některé šrouby nemají ani jedn... | inbus (též nespisovně imbus) | 1 | |
| 9. | Jak byste dvěma slovy začínají... | pružná / pérová podložka | 1 | |
| 10. | Tato součástka je důležitá pro... | sklíčidlo | 0 |